| 000 | 00000nam 2200000za 4500 |
| 001 | 9.846295 |
| 003 | CaOODSP |
| 005 | 20221107153152 |
| 007 | cr ||||||||||| |
| 008 | 180430s2012 onc |o f000 0 eng d |
| 040 | |aCaOODSP|beng |
| 043 | |an-cn--- |
| 086 | 1 |aM144-173/2012E-PDF |
| 245 | 00|aecoENERGY efficiency for buildings |h[electronic resource]. |
| 260 | |a[Ottawa] : |bNatural Resources Canada, |cc2012. |
| 300 | |a[2] p. |
| 500 | |aIssued also in French under title: Le programme écoÉNERGIE sur l’efficacité énergétique pour les bâtiments. |
| 500 | |aCaption title. |
| 500 | |a"Revised March 2012." |
| 504 | |aIncludes bibliographic references. |
| 520 | |a"The Canadian buildings sector can make a significant contribution to the reduction of our greenhouse gases. Nearly half a million commercial and institutional establishments provide spaces for our education, health care, government and business and account for 14 percent of energy consumption and 13 percent of emissions"--p. [1]. |
| 692 | 07|2gccst|aEnergy efficiency |
| 692 | 07|2gccst|aBuildings |
| 710 | 1 |aCanada. |bNatural Resources Canada. |
| 710 | 1 |aCanada. |bOffice of Energy Efficiency. |
| 775 | 08|tLe programme écoÉNERGIE sur l’efficacité énergétique pour les bâtiments |w(CaOODSP)9.855975 |
| 856 | 40|qPDF|s751 KB|uhttps://publications.gc.ca/collections/collection_2018/rncan-nrcan/M144-173-2012-eng.pdf |